Top 10 German Universities - Statistics

General Stats
  • This quiz has been taken 18 times
  • The average score is 4 of 10
Answer Stats
Hint Answer % Correct
3 Universität Heidelberg
94%
1 Technische Universität München
69%
2 Ludwig Maximilian Universität München
63%
4 Humboldt Universität Berlin
44%
5 Universität Bonn
38%
6 RWTH Aachen
31%
8 Universität Tübingen
31%
9 Freie Universität Berlin
25%
10 Universität Göttingen
19%
7 Charite Berlin
6%
No matching quizzes found
Score Distribution
Percent of People with Each Score
Percentile by Number Answered
Your Score History
You have not taken this quiz